Statistics for Countries By 3 Clues #5

Click here to take the quiz!

General Stats

  • This quiz has been taken 31 times
  • The average score is 13 of 15

Answer Stats

3 CluesCountries% Correct
Khmer, Angkor Wat, Pol PotCambodia
100%
Andes, Easter Island, Tierra del FuegoChile
100%
Dutch, Vincent Van Gogh, HeinekenNetherlands
100%
Galápagos Islands, Quechua, ChimborazoEcuador
97%
Horn of Africa, Italy, MogadishuSomalia
97%
Assyria, Aleppo, Bashar al-AssadSyria
97%
Southern Rhodesia, Robert Mugabe, HarareZimbabwe
93%
Silk Road, Nur-Sultan, BoratKazakhstan
90%
Northern Rhodesia, Lake Kariba, KwachaZambia
90%
Landlocked, French, N'djamenaChad
86%
Hutus, Tutsis, Lake KivuRwanda
86%
Fula, Conakry, IslamGuinea
83%
Nyasaland, Lilongwe, Rising Sun FlagMalawi
72%
Quetzal, Antigua, TikalGuatemala
59%
Lion, Wolof, FrenchSenegal
52%

Score Distribution

Percentile by Number Answered

Percent of People with Each Score

Your Score History

You have not taken this quiz